000 00839nam a22002897a 4500
001 0001209
003 KOHA_MİRAKIL
005 20260207001234.0
007 ta
008 081212b2001 tu |||gr||||#||||0|tur |
020 _a9755400729
_cYTL23,69
040 _aTR-BiSEU
_btur
_cTR-BiSEU
_erda
041 0 _atur
044 _ctu
050 _aQ180.55
_b.C66 2001
100 1 _aÇömlekçi, Necla.
245 1 _aBilimsel araştırma yöntemi/
_cNecla Çömlekçi ; Necla Çömlekçi.
264 1 _aEskişehir :
_bBilim Teknik Yayınları
_c2001
300 _a325 sayfa
336 _ametin
_btxt
_2rdacontent
337 _aaracısız
_bn
_2rdamedia
338 _acilt
_bnc
_2rdacarrier
650 0 _aAraştırma--İstatistiksel metotlar.
_94125
650 0 _aRapor yazma.
_91912
650 0 _aİstatistik.
_91712
942 _2lcc
_cBK
999 _c1202
_d1202